| 000 | 00392cam a2200169ua 4500 | ||
|---|---|---|---|
| 020 | _c1.50 | ||
| 041 |
_amal _h |
||
| 082 |
_a923.2 _bSAT/PA |
||
| 100 | _aSathyarthi, M.N . | ||
| 245 |
_aPandit Nehru / _cM.N.Sathyarthi. _hTextual Documents |
||
| 260 |
_aCalicut : _bK.R.Brothers , _c1965. |
||
| 300 | _a128 ; . | ||
| 365 | _a1.50 | ||
| 504 | _a | ||
| 942 | _cBK | ||
| 999 |
_c953 _d953 |
||